Catálogo
 En Linea

La prensa y la ley en Santo Domingo / (Registro nro. 20832)

Detalles MARC
000 -CABECERA
campo de control de longitud fija 00533nam a2200169 a 4500
001 - NÚMERO DE CONTROL
campo de control 000021332
005 - FECHA Y HORA DE LA ÚLTIMA TRANSACCIÓN
campo de control 20250120110604.0
008 - DATOS DE LONGITUD FIJA--INFORMACIÓN GENERAL
campo de control de longitud fija 100906s1954 dr 000 0 spa d
040 ## - FUENTE DE LA CATALOGACIÓN
Centro catalogador/agencia de origen DO-SdBNP
Lengua de catalogación spa
Centro/agencia transcriptor BNPHU
082 ## - NÚMERO DE LA CLASIFICACIÓN DECIMAL DEWEY
Número de clasificación xxx
Número de documento/Ítem M722p
049 ## - FONDOS LOCALES (OCLC)
Fondos de biblioteca BNPD
100 1# - ENTRADA PRINCIPAL--NOMBRE DE PERSONA
Nombre de persona Molina Morillo, Rafael,
Fechas asociadas al nombre 1930-1917
9 (RLIN) 37
245 13 - MENCIÓN DE TÍTULO
Título La prensa y la ley en Santo Domingo /
Mención de responsabilidad, etc. Rafael Molina Morillo.
260 ## - PUBLICACIÓN, DISTRIBUCIÓN, ETC.
Lugar de publicación, distribución, etc. Madrid :
Nombre del editor, distribuidor, etc. Talleres Gráficos Cies, Hermosilla,
Fecha de publicación, distribución, etc. 1954.
300 ## - DESCRIPCIÓN FÍSICA
Extensión 173 p. ;
Dimensiones 23 cm.
500 ## - NOTA GENERAL
Nota general Incluye notas al pie de las páginas
Existencias
Estado de retiro Estado de pérdida Restricciones de uso No para préstamo Código de colección Localización permanente Ubicación/localización actual Ubicación en estantería Fecha de adquisición Número de inventario Total de préstamos Signatura topográfica completa Código de barras Fecha visto por última vez Precio válido a partir de Tipo de ítem Koha Nota pública Número de copia
      Excluido de préstamo Raros y valiosos Patrimonio Dominicano Patrimonio Dominicano Depósito 06.09.2010 LF1   xxx M722p 21332-10 25.06.2020 25.06.2020 No se presta Perteneció a la bibloiteca personal de Germán Emilio Ornes.  
      Excluido de préstamo Raros y valiosos Patrimonio Dominicano Patrimonio Dominicano En catalogación 24.11.2010 LF1   xxx M722p 21332-20 25.06.2020 25.06.2020 No se presta   e. 2

Con tecnología Koha